01138nam a2200229 4500001000700000003000900007005001700016007000300033008004100036111008600077245014800163260011100311300002200422490005100444700004300495710008300538710005500621830005900676852003200735999001900767952012200786126004ES-MaACL20230906192732.0t|070214s1970 sp r ||||1| spa d2 aCurso-Simposio sobre la Rehabilitacion del Paraplejico (cMadrid (d1969)913513013aLa rehabilitación del parapléjico b: curso-symposium / cCentro de Traumatología y Rehabilitación ; director, Dr. López de la Garma. aMadrid : bCiudad Sanitaria `La Paz` : bMinisterio de Trabajo, Instituto Nacional de Previsión, c1970. a267 p. ; c24 cm.1 aMonografías médicas de la Seguridad Social1 aLópez de la Garma, Francisco.9735522 aCiudad Sanitaria La Paz. bCentro de Rehabilitación y Traumatología.9284700aInstituto Nacional de Previsión (España)951800 aMonografías médicas de la Seguridad Social9219088 aES-MaACLjC-37964 bR.72669 c126004d126004 00104070aATENEOMbATENEOMcDEPO2d2008-01-17eSCl0oC-37964p1131251r2023-02-23 00:00:00w2023-02-23yMONOGRAFIA